000 00423cam a2200169ua 4500
020 _c1.50
041 _amal
_h
082 _a894.8124
_bPET/AL
100 _aPeter, K.C .
245 _aAippam chinthikkuka /
_cK.C.Peter.
_hTextual Documents
260 _aKottayam :
_bSahitya Pravarthaka Co-operative Society ,
_c1952.
300 _a111 ; .
365 _a1.50
504 _a
942 _cBK
999 _c1155
_d1155